000 00405nam a22001457a 4500
005 20200604094451.0
008 200604b xxu||||| |||| 00| 0 eng d
082 _a345.4 AIR
110 _aThe All India Reporter Ltd.
_95739
245 _aThe All India Reporter1987 (V-74) KARNATAKA Section
260 _aBOMBAY
_bThe All India Reporter Ltd.
_c1987
300 _a288p.
650 _aLAW
_95701
942 _cJRL
999 _c6789
_d6787